000 00208 a2200097 4500
001 34676
100 _aBlack Houre JK
245 _aPure Mathematics 2
260 _aUK
_bLongman Ltd
_c
090 _c22960
_d22960
942 _aNUST-CAE
_cM
_c14403
999 _c269749
_d269749